Historia de los derechos humanos y garantías : análisis en la comunidad internacional y en la argentina /
Guardado en:
| Autor Principal: | |
|---|---|
| Formato: | Libro |
| Publicado: |
Buenos Aires :
Heliasta,
1993
|
| Materias: | |
| Etiquetas: |
Agregar Etiqueta
Sin Etiquetas, Sea el primero en etiquetar este registro!
|
| LEADER | 00990nam a22002055a 4500 | ||
|---|---|---|---|
| 001 | CEM.cems013632 | ||
| 005 | 20120229094425.0 | ||
| 008 | 130507s1993##################000#0#####d | ||
| 003 | CEMS | ||
| 020 | |a 9509065994 | ||
| 082 | 0 | 4 | |a 323.4 |
| 100 | 1 | |a Travieso, Juan Antonio | |
| 245 | 1 | 0 | |a Historia de los derechos humanos y garantías : |b análisis en la comunidad internacional y en la argentina / |c Juan Antonio Travieso |
| 260 | |a Buenos Aires : |b Heliasta, |c 1993 | ||
| 300 | |a 397 p. | ||
| 505 | 0 | |a El mundo antiguo hasta el siglo XV -- Los tiempos modernos -- La aceleración de los derechos humanos -- La desaceleración de los derechos humanos -- El retroceso de los derechos humanos -- La internacionalización de los derechos humanos -- Los derechos humanos inconclusos -- Los derechos humanos en la Argentina | |
| 653 | |a Derechos humanos | ||
| 653 | |a Historia de los derechos humanos | ||
| 653 | |a Derechos humanos-historia | ||
| 859 | |a CEMS |b BIB. CEMS - 11 de abril |h 323.4 |i T698 |p 26267.12 |t Ej.1 | ||
